Manual per a recerques d'Etnografia de Catalunya
Descripción Física:
94 p. : il., [1 pleg.] ; 17 cm
Materias:
Etnologia -- Catalunya
MARC
| LEADER | 00000nam a2200000Ia 4500 | ||
|---|---|---|---|
| 001 | 10196 | ||
| 003 | BGR | ||
| 005 | 20260324175249.0 | ||
| 008 | 160829s1921 xx 000 0 cat d | ||
| 080 | |a M-3-340 | ||
| 245 | |a Manual per a recerques d'Etnografia de Catalunya | ||
| 260 | |a Barcelona : |b Arxiu d'Etnografia i Folklore de Catalunya, |c 1921 | ||
| 300 | |a 94 p. : |b il., [1 pleg.] ; |c 17 cm | ||
| 650 | |a Etnologia |x Catalunya |9 23817 | ||
| 710 | 2 | |9 70404 |a Arxiu d'Etnografia i Folklore de Catalunya | |
| 901 | |a Arxiu | ||
| 942 | |n 1 |2 udc |c MON | ||
| 952 | |0 0 |1 0 |4 0 |6 M3340 |7 1 |9 42868 |a Arxiu |b Arxiu |d 2016-12-01 |l 0 |o M-3-340 |p 10196 |r 2016-12-01 00:00:00 |w 2016-12-01 |y ARXIU | ||
| 999 | |c 45374 |d 45374 | ||